| 000 | 00534nam a2200169 i 4500 | ||
|---|---|---|---|
| 001 | 129042 | ||
| 003 | ES-MaACL | ||
| 007 | t| | ||
| 008 | 070605s1946 ag ||||1| spa d | ||
| 080 | _a617-089(021) | ||
| 245 | 0 | 0 |
_aTecnica quirúrgica / _cpor Federico E. Christmann, Carlos E. Ottolenghi, Juan Manuel Raffó, Gunther von Grolman. |
| 250 | _a6ª ed. | ||
| 260 |
_aBuenos Aires : _bEl Ateneo, _c1946. |
||
| 300 |
_a3 v. : _bil. ; _c27 cm. |
||
| 700 | 1 |
_aChristmann, Federico E. _938666 |
|
| 852 |
_aES-MaACL _jE-1596-98 _bR.27148 |
||
| 999 |
_c129042 _d129042 |
||